00399nam a2200157Ia 45000010006000000050017000060080041000230410008000640820016000721000035000882450065001232600009001883000028001976500008002256540008002331626220260306170256.0260306t2012||||xx |||||||||||||| ||und|| aESP a347.51bO81 aOsorio Ruiz, Zaida IsabeleAUT 0aProcesos civiles en el marco de la ley general de sociedades c2012 a702 páginas :c24 cm. aGEN aCDE